00511nam a2200181Ia 450000500170000000800410001702000230005804000190008104100120010008200160011224500700012826000360019830000160023450400190025065000280026970000220029785000100031920221124112901.0131103s9999 xx 000 0 und d a8171545564cRs.175 aLoreto College aEnglish a954.01bTHA aRecent Perspectives of early Indian historyceditor Romila Thapar aBombaybPopular Prakashanc1995 avii,361 p.  aIncludes index aHistory - Ancient India aThapar,Romila;ed. aLCLIB